| 000 -ლიდერი |
| ფიქსირებული სიგრძის საკონტროლო ველი |
01658nam a2200265Ia 4500 |
| 001 - საკონტროლო ნომერი |
| საკონტროლო ველი |
23516 |
| 003 - საკონტროლო ნომრის იდენტიფიკატორი |
| საკონტროლო ველი |
GE_BSU |
| 005 - ბოლო ოპერაციის თარიღი და დრო |
| საკონტროლო ველი |
20260212120709.0 |
| 008 - ფიქსირებული სიგრძის მონაცემთა ელემენტები - ზოგადი ინფორმაცია |
| ფიქსირებული სიგრძის საკონტროლო ველი |
181216s1981||||ge |||||||||||||| ||geo|| |
| 040 ## - კატალოგიზაციის წყარო |
| Transcribing agency |
GE_BSU |
| 041 ## - ენის კოდი |
| Language code of text/sound track or separate title |
geo |
| 080 ## - უნივერსალური ათობითი კლასიფიკაციის ინდექსი |
| Universal Decimal Classification number |
94(5)"04/14"(075.8) + 94(6)"04/14"(075.8) ჩ-95 |
| 100 ## - მთავარი ჩანაწერი - პიროვნების სახელი |
| Personal name |
ჩხარტიშვილი, გ. |
| 9 (RLIN) |
26887 |
| 245 ## - ცნობა სათაურის შესახებ |
| Title |
აზიისა და აფრიკის ქვეყნების ისტორია (შუა საუკუნეები) : |
| Remainder of title |
სახელმძღვ. უმაღლ. სასწ. ისტორიის ფაკ-ტების სტუდენტებისათვის / |
| Statement of responsibility, etc |
გ. ჩხარტიშვილი ; რედ. გრ. მარგიანი. |
| 264 ## - წარმოების, გამოცემის, დისტრიბუციის და სხვა ცნობები |
| გამოცემის, წარმოების, დისტრიბუციის... ადგილი |
თბილისი : |
| გამოცემის, წარმოების, დისტრიბუციის... სახელწოდება |
განათლება, |
| გამოცემის, წარმოების, დისტრიბუციის... თარიღი |
1981. |
| 300 ## - ფიზიკური აღწერა |
| Extent |
327გვ. ; |
| Dimensions |
21 სმ. |
| 504 ## - BIBLIOGRAPHY, ETC. NOTE |
| Bibliography, etc |
ლიტ. სია: გვ.324-326 |
| 653 ## - INDEX TERM--UNCONTROLLED |
| Uncontrolled term |
აზიისა და აფრიკის ქვეყნების ისტორია (შუა საუკუნეები) |
| 653 ## - INDEX TERM--UNCONTROLLED |
| Uncontrolled term |
სახელმძღვანელოები უმაღლესი სასწავლებლებისათვის |
| 653 ## - INDEX TERM--UNCONTROLLED |
| Uncontrolled term |
აფრიკის ქვეყნების შუა საუკუნეების ისტორია -- |
| 653 ## - INDEX TERM--UNCONTROLLED |
| Uncontrolled term |
სახელმძღვანელოები უმაღლესი სასწავლებლებისათვის |
| 700 ## - ADDED ENTRY--PERSONAL NAME |
| Personal name |
მარგიანი, გრ. |
| Relator term |
რედაქტორი |
| 9 (RLIN) |
26168 |
| 942 ## - ADDED ENTRY ELEMENTS (KOHA) |
| Koha item type |
წიგნი |
| Source of classification or shelving scheme |
|